<?xml version="1.0" encoding="UTF-8"?>
<record
    xmlns:xsi="http://www.w3.org/2001/XMLSchema-instance"
    xsi:schemaLocation="http://www.loc.gov/MARC21/slim http://www.loc.gov/standards/marcxml/schema/MARC21slim.xsd"
    xmlns="http://www.loc.gov/MARC21/slim">

  <leader>01283nam a22003257a 4500</leader>
  <controlfield tag="001">BR2026000893</controlfield>
  <controlfield tag="003">BR-BrBNA</controlfield>
  <controlfield tag="005">20260424171411.0</controlfield>
  <controlfield tag="008">260424b        bl.||||| |||| 00| 0 por d</controlfield>
  <datafield tag="040" ind1=" " ind2=" ">
    <subfield code="a">BR-BrBNA</subfield>
    <subfield code="b">por</subfield>
  </datafield>
  <datafield tag="041" ind1=" " ind2=" ">
    <subfield code="a">por</subfield>
  </datafield>
  <datafield tag="072" ind1=" " ind2=" ">
    <subfield code="a">B50</subfield>
  </datafield>
  <datafield tag="090" ind1=" " ind2=" ">
    <subfield code="a">B50</subfield>
    <subfield code="b">BR2026000893</subfield>
  </datafield>
  <datafield tag="100" ind1="0" ind2=" ">
    <subfield code="4">aut.</subfield>
    <subfield code="a">Lemos Brito,</subfield>
  </datafield>
  <datafield tag="245" ind1=" " ind2=" ">
    <subfield code="a">A Gloriosa Sotaina do Primeiro Imperio</subfield>
    <subfield code="b">(Frei Caneca)</subfield>
    <subfield code="c">Lemos Brito</subfield>
  </datafield>
  <datafield tag="250" ind1=" " ind2=" ">
    <subfield code="a">81. ed.</subfield>
  </datafield>
  <datafield tag="260" ind1=" " ind2=" ">
    <subfield code="a">S&#xE3;o Paulo, SP (Brasil).</subfield>
    <subfield code="b">Companhia Editora Nacional.</subfield>
    <subfield code="c">1937</subfield>
  </datafield>
  <datafield tag="300" ind1=" " ind2=" ">
    <subfield code="a">359 p.</subfield>
  </datafield>
  <datafield tag="490" ind1=" " ind2=" ">
    <subfield code="a">Cole&#xE7;&#xE3;o Brasiliana.</subfield>
    <subfield code="v">v. 81.</subfield>
  </datafield>
  <datafield tag="500" ind1=" " ind2=" ">
    <subfield code="a">Texto em ortografia antiga.</subfield>
  </datafield>
  <datafield tag="500" ind1=" " ind2=" ">
    <subfield code="a">Obra de car&#xE1;ter hist&#xF3;rico sobre o Brasil colonial. </subfield>
  </datafield>
  <datafield tag="520" ind1=" " ind2=" ">
    <subfield code="a">O livro apresenta um estudo hist&#xF3;rico sobre a atua&#xE7;&#xE3;o de Frei Caneca (Joaquim do Amor Divino Rabelo) durante o per&#xED;odo do Primeiro Imp&#xE9;rio no Brasil, destacando seu papel como religioso, intelectual e revolucion&#xE1;rio.</subfield>
  </datafield>
  <datafield tag="546" ind1=" " ind2=" ">
    <subfield code="a">Texto em ortografia antiga.</subfield>
  </datafield>
  <datafield tag="650" ind1=" " ind2=" ">
    <subfield code="a">AGRICULTURA  SUSTENTAVEL</subfield>
  </datafield>
  <datafield tag="650" ind1=" " ind2=" ">
    <subfield code="a">MANEJO DO SOLO</subfield>
  </datafield>
  <datafield tag="650" ind1=" " ind2=" ">
    <subfield code="a">PRODU&#xC7;&#xC3;O VEGETAL</subfield>
  </datafield>
  <datafield tag="856" ind1=" " ind2=" ">
    <subfield code="3">Dispon&#xED;vel na Biblioteca Digital do MAPA.</subfield>
    <subfield code="u">https://objdigital.bn.br/objdigital2/acervo_digital/div_obrasraras/or311574/or311574.htm</subfield>
  </datafield>
  <datafield tag="909" ind1=" " ind2=" ">
    <subfield code="a">24/04/2026</subfield>
    <subfield code="b">Nonato</subfield>
  </datafield>
  <datafield tag="942" ind1=" " ind2=" ">
    <subfield code="c">BK</subfield>
  </datafield>
  <datafield tag="999" ind1=" " ind2=" ">
    <subfield code="c">341551</subfield>
    <subfield code="d">341551</subfield>
  </datafield>
  <datafield tag="952" ind1=" " ind2=" ">
    <subfield code="0">0</subfield>
    <subfield code="2">AGRIS</subfield>
    <subfield code="4">0</subfield>
    <subfield code="7">0</subfield>
    <subfield code="a">41918</subfield>
    <subfield code="b">41918</subfield>
    <subfield code="c">AGROBASE OR	</subfield>
    <subfield code="l">0</subfield>
    <subfield code="o">B50 BR2026000893 OBR </subfield>
    <subfield code="p">2026-1771</subfield>
    <subfield code="r">2026-04-28</subfield>
    <subfield code="y">BK</subfield>
  </datafield>
</record>
